00562nam a22001817a 450000500170000001000150001702000320003202000350006403500130009903700130011208200080012524500930013326000290022627000540025530000310030950000190034070000210035920100804122956.0 aENG-100795 c1195.00a8173043531(Series) c1195.00a8173047200( vol viii) aEN-84328 bDBAD/PUB a921 aJayaprakash Narayan :cedited by Bimal Prashad bselected works volume viii ( 1960-1966) aNew DelhibManoharc2007 a4753/23 Ansari Road, DaryaganjbNew Delhie110002 aV.8. xxxiv,760pb24cm (Hb) aIncludes index aPrashad, Bimal